Oblúkové zváranie rúrkovými drôtmi : Bakalárska práca

Gespeichert in:
Bibliographische Detailangaben
1. Verfasser: Turanský, Jiří (Verfasst von)
Weitere Verfasser: Kasala, Marián, 1976- (xxx)
Format: Manuskript Buch
Sprache:Slowakisch
Veröffentlicht: Trnava : STU v Bratislave MtF KZv, 2005
Schlagworte:
Tags: Tag hinzufügen
Keine Tags, Fügen Sie das erste Tag hinzu!

MARC

LEADER 00000ntm a22000003a 4500
001 stu95724
005 20160719155308.2
008 050928s2005----xo------------------slo-d
040 |a STU  |b slo 
041 0 |a slo 
044 |a xo 
100 1 |a Turanský, Jiří  |4 aut 
245 1 |a Oblúkové zváranie rúrkovými drôtmi :  |b Bakalárska práca 
260 |a Trnava :  |b STU v Bratislave MtF KZv,  |c 2005 
300 |a 50 s  |c 1 CD 
650 7 |a technológie strojárskej výroby  |2 stusub 
650 7 |a zváranie  |2 stusub 
700 1 |a Kasala, Marián,  |d 1976-  |4 xxx  |u M140  |T MTF Katedra zvárania  |X 2773  |U M140  |Y M140  |7 A000002773 
996 |b 284M062727  |c M*BP-1116  |l MMSKP  |s P  |a 0  |w stu95724_0001